Podpora ekonomickej reforme Návrh východísk, cieľov a zásad rozpočtovej politiky na budúci rok
Návrh východísk, cieľov a zásad rozpočtovej politiky SR na rok 1994. Charakteristika ekonomického vývoja SR v r. 1993 a prognóza na r. 1994. Charakteristika a tendencie vývoja štátneho rozpočtu na r. 1993. Ciele rozpočtovej politiky na r. 1994. Makroekonomické ukazovatele.
Salvato in:
| Natura: | Capitolo di libro |
|---|---|
| Lingua: | slovacco |
| Soggetti: | |
| Tags: |
Nessun Tag, puoi essere il primo ad aggiungerne!!
|
MARC
| LEADER | 00000naa a2200000 4500 | ||
|---|---|---|---|
| 001 | r013846 | ||
| 005 | 20221205075945.0 | ||
| 041 | 0 | |a slo | |
| 044 | |a SK | ||
| 245 | 1 | 0 | |a Podpora ekonomickej reforme |b Návrh východísk, cieľov a zásad rozpočtovej politiky na budúci rok |
| 520 | |a Návrh východísk, cieľov a zásad rozpočtovej politiky SR na rok 1994. Charakteristika ekonomického vývoja SR v r. 1993 a prognóza na r. 1994. Charakteristika a tendencie vývoja štátneho rozpočtu na r. 1993. Ciele rozpočtovej politiky na r. 1994. Makroekonomické ukazovatele. | ||
| 610 | 2 | 0 | |a rozpočet štátny |
| 610 | 2 | 0 | |a politika rozpočtová |
| 610 | 2 | 0 | |a Slovensko |
| 610 | 2 | 0 | |a politika hospodárska |
| 610 | 2 | 0 | |a reformy hospodárske |
| 610 | 2 | 0 | |a 1994 |
| 610 | 2 | 0 | |a 1993 |
| 610 | 2 | 0 | |a ukazovatele ekonomické |
| 610 | 2 | 0 | |a makroekonomika |
| 610 | 2 | 0 | |a vývoj hospodársky |